| 000 | 00381nam a2200109Ia 4500 | ||
|---|---|---|---|
| 008 | 171204s9999 xx 000 0 und d | ||
| 245 | _aPsychopathology: The Evolving Science Of Mental Disorder | ||
| 245 | _cDeborah L. Levy, Francine M. Benes, and Steven Matthysse | ||
| 260 | _c2015 | ||
| 650 | _xADVANCED PSYCHOPATHOLOGY | ||
| 856 | _uhttp://down.ebook777.com/026/9780521032599.pdf | ||
| 999 |
_c346879 _d346879 |
||